Statistics for YEAT´S 10 MOST FAMOUS SONGS

Click here to take the quiz!

General Stats

  • This quiz has been taken 199 times
  • The average score is 6 of 10

Answer Stats

STREAMSSONGS% Correct
317mMoney so big
84%
171mFlawless
82%
197mTalk
75%
207mIDGAF
69%
176mSorry bout that
67%
255mOut the way
63%
115mTurban
49%
137mGet busy
43%
132mPoppin
43%
123mOn tha line
33%

Score Distribution

Percentile by Number Answered

Percent of People with Each Score

Your Score History

You have not taken this quiz